| 000 | 00893nam a22002297a 4500 | ||
|---|---|---|---|
| 003 | OSt | ||
| 005 | 20150408114209.0 | ||
| 008 | 140302s 2011jo a g b 00| 0 ara d | ||
| 020 | _a9789957166557 | ||
| 040 | _ama-un | ||
| 082 |
_221 _a371.92 _bإ م إ |
||
| 100 |
_aالإمام، محمد أحمد صالح _943340 |
||
| 245 |
_aاضطرابات النمو الشامل / _cمحمد صالح الإمام، فؤاد عيد الجوالدة. |
||
| 250 | _aط. 1. | ||
| 260 |
_aعمان، الأردن : _bدار الثقافة للنشر والتوزيع، _c2011 1432. |
||
| 300 |
_a302 ص. : _bإيض. ؛ _c24 سم. |
||
| 504 | _aقائمة ببليوجرافية. | ||
| 650 |
_a الأطفال المعوقون _xتعليم _943341 |
||
| 650 |
_a الأطفال المعوقون _xرعاية _943342 |
||
| 700 |
_aالجوالدة، فؤاد عيد _912475 |
||
| 942 |
_2ddc _cBOOK |
||
| 999 |
_c33989 _d268489 |
||